Konštrukcia počítačov : Príručka na cvičenia /
Na minha lista:
| Main Authors: | , , |
|---|---|
| Formato: | Livro |
| Idioma: | eslovaco |
| Publicado em: |
Bratislava :
STU v Bratislave,
1982
|
| Edição: | 1.vyd. |
| Tags: |
Sem tags, seja o primeiro a adicionar uma tag!
|
MARC
| LEADER | 00000nam a22000003a 4500 | ||
|---|---|---|---|
| 001 | stu6889 | ||
| 005 | 20150928154814.7 | ||
| 008 | 940721s1982----cs------------------slo-d | ||
| 040 | |a STU |b slo | ||
| 041 | 0 | |a slo | |
| 044 | |a cs | ||
| 100 | 1 | |a Burger, Ivan |4 aut | |
| 245 | 1 | |a Konštrukcia počítačov : |b Príručka na cvičenia / |c [aut.] Burger,Ivan; Kadlic,Andrej; Čičák,Pavol | |
| 250 | |a 1.vyd. | ||
| 260 | |a Bratislava : |b STU v Bratislave, |c 1982 | ||
| 300 | |a 54 s | ||
| 700 | 1 | |a Kadlic, Andrej |4 aut | |
| 700 | 1 | |a Čičák, Pavel, |d 1955- |4 aut |u E220 |U FEI Fakulta elektrotechniky a informatiky |T FEI Katedra informatiky a výpočtovej techniky |X 1926 |U E220 |Y 69 |7 1926 | |
| 996 | |b 284EK09132 |c E*50412 |l EE0105 |s P |a 0 |w stu6889_0001 | ||